MARC details
| 000 -CABECERA |
| campo de control de longitud fija |
01176nam a2200289 a 4500 |
| 001 - NÚMERO DE CONTROL |
| campo de control |
000005367 |
| 005 - FECHA Y HORA DE LA ÚLTIMA TRANSACCIÓN |
| campo de control |
20200929151644.0 |
| 008 - DATOS DE LONGITUD FIJA--INFORMACIÓN GENERAL |
| campo de control de longitud fija |
090819s2005 sp 001 0 spa d |
| 020 ## - NÚMERO INTERNACIONAL ESTÁNDAR DEL LIBRO |
| Número Internacional Estándar del Libro |
8400083520 |
| 040 ## - FUENTE DE LA CATALOGACIÓN |
| Centro catalogador/agencia de origen |
DO-SdBNP |
| Lengua de catalogación |
spa |
| Centro/agencia transcriptor |
BNPHU |
| 082 ## - NÚMERO DE LA CLASIFICACIÓN DECIMAL DEWEY |
| Número de clasificación |
xxxx |
| Número de documento/Ítem |
P718p |
| 049 ## - FONDOS LOCALES (OCLC) |
| Fondos de biblioteca |
BNPD |
| 100 1# - ENTRADA PRINCIPAL--NOMBRE DE PERSONA |
| Nombre de persona |
Platón, |
| Fechas asociadas al nombre |
428-347 a. c. |
| 9 (RLIN) |
15219 |
| 240 13 - TÍTULO UNIFORME |
| Título uniforme |
Protágoras |
| Lenguaje de la obra |
Español-Griego |
| 245 10 - MENCIÓN DE TÍTULO |
| Título |
Protágoras / |
| Mención de responsabilidad, etc. |
Platón ; introducción, traducción y notas de Ramón Serrano Cantarín, Mercedes Díaz de Cerio Díez. |
| 250 ## - MENCIÓN DE EDICIÓN |
| Mención de edición |
Edición crítica |
| 260 ## - PUBLICACIÓN, DISTRIBUCIÓN, ETC. |
| Lugar de publicación, distribución, etc. |
Madrid, España : |
| Nombre del editor, distribuidor, etc. |
Ministerio de Educación y Ciencia ; |
| -- |
Consejo Superior de Investigaciones Científicas, |
| Fecha de publicación, distribución, etc. |
2005. |
| 300 ## - DESCRIPCIÓN FÍSICA |
| Extensión |
cci, 238 p. ; |
| Dimensiones |
22 cm. |
| 490 1# - MENCIÓN DE SERIE |
| Mención de serie |
Autores griegos y latinos |
| 500 ## - NOTA GENERAL |
| Nota general |
Incluye referencias biblográficas y notas al pie de las páginas |
| 500 ## - NOTA GENERAL |
| Nota general |
Alma mater : texto en dos idiomas |
| 504 ## - NOTA DE BIBLIOGRAFÍA, ETC. |
| Nota de bibliografía, etc. |
Bibliográfía : p. 171-198 |
| 546 ## - NOTA DE LENGUA/LENGUAJE |
| Nota de lengua/lenguaje |
Texto en latín y traducción paralela en español, introducción en español |
| 700 1# - PUNTO DE ACCESO ADICIONAL--NOMBRE DE PERSONA |
| Nombre de persona |
Serrano Cantarín, Ramón, |
| Término indicativo de función/relación |
tr. |
| 9 (RLIN) |
15220 |
| 700 1# - PUNTO DE ACCESO ADICIONAL--NOMBRE DE PERSONA |
| Nombre de persona |
Díaz de Cerio Díez, Mercedez, |
| Término indicativo de función/relación |
tr. |
| 9 (RLIN) |
15221 |
| 830 #0 - PUNTO DE ACCESO ADICIONAL DE SERIE-TÍTULO UNIFORME |
| Título uniforme |
Autores griegos y latinos |
| 9 (RLIN) |
15129 |